000 00416nam a22001457a 4500
003 SGT
082 _a617.84
_bE24R
100 _aRASHID, RUQQAIYA
245 _aEFFECT OF SENSORIMOTOR TRAINING ON JOINT PROPRIOCEPTION, REACTION TIME AND LOWER LIMS COORDINATION AMONNGPOST - MENOPAUSAL WOMEN
260 _aGURUGRAM
_bSGT UNIVERSITY
_c2024
300 _a106
653 _aNEUROLOGY
700 _aMPT
942 _2ddc
_cTH
999 _c32189
_d32189